Technická mechanika mechanika tuhých telies
Saved in:
| Main Author: | |
|---|---|
| Other Authors: | , |
| Format: | Book |
| Language: | Slovak |
| Published: |
Bratislava
Príroda
1985
|
| Tags: |
No Tags, Be the first to tag this record!
|
MARC
| LEADER | 00000nam a2200000 4500 | ||
|---|---|---|---|
| 001 | c110854 | ||
| 005 | 20041019155148.1 | ||
| 041 | 0 | |a slo | |
| 044 | |a SK | ||
| 245 | 1 | 0 | |a Technická mechanika |b mechanika tuhých telies |c Jozef Šesták, Vladimír Sedláček, Slavomír Procházka |
| 264 | 1 | |a Bratislava |b Príroda |c 1985 | |
| 300 | |a 572 s. | ||
| 100 | 1 | |a Šesták, Jozef | |
| 700 | 1 | |a Sedláček, Vladimír | |
| 700 | 1 | |a Procházka, Slavomír | |